000
00257nam a22001217a 4500
008
170419b xxu||||| |||| 00| 0 eng d
041
_a
eng
080
_2
7th
_a
573
100
_a
11
101
_a
shm
245
_a
IMMUNOBIOLOGY
_c
MURPHY, K
942
_2
udc
_c
BK
999
_c
11064
_d
11064